Nommez une ville d'Allemagne valide - Statistiques

Statistiques générales
  • Ce quiz a été pris 60 fois
  • Le résultat moyen est 11 sur 20
Statistiques - réponses
Nommez une ville... Réponse % Correct
De plus d'un million d'habitants Berlin | München | Hamburg | Köln
100%
Capitale fédérale, actuelle ou ancienne Berlin | Bonn
76%
Dont le club de football a déjà remporté la Bundesliga Dortmund | Köln | Bremen | München | Braunschweig | Nürnberg | Mönchengladbach | Hamburg | Stuttgart | Kaiserslautern | Wolfsburg | Leverkusen
76%
Bavaroise München | Nürnberg | Augsburg | Regensburg | Ingolstadt | Würzburg | Fürth | Erlangen
75%
Autrefois capitale du Saint-Empire Aachen | Regensburg | Wetzlar
69%
D'Allemagne de l'Est, capitale exclue Potsdam | Rostock | Magdeburg | Halle | Jena | Erfurt | Leipzig | Dresden | Chemnitz
69%
Autrefois allemande, ajourd'hui étrangère Breslau | Posen | Danzig | Königsberg | Stettin | Straßburg | Gleiwitz | Hindenburg | Beuthen | Mülhausen
67%
Côtière Bremerhaven | Rostock | Kiel | Lübeck
65%
Siège d'un constructeur automobile majeur* Wolfsburg | Stuttgart | München | Ingolstadt
65%
Où Karl Marx a résidé Trier | Berlin | Bonn | Köln
64%
De la Ruhr Bochum | Bottrop | Duisburg | Dortmund | Essen | Herne | Recklingshausen | Gelsenkirchen | Hagen | Hamm | Moers | Mülheim an der Ruhr | Oberhausen
58%
Traversée par l'Elbe Dresden | Magdeburg | Hamburg
58%
Théâtre d'une bataille de Napoléon Ulm | Jena | Regensburg | Leipzig | Dresden
58%
Commençant par la lettre W Wiesbaden | Wolfsburg | Wuppertal | Würzburg
58%
Natale d'un chancelier (à partir de 1949) Köln | Fürth | Hamburg | Lübeck | Ludwigshafen | Osnabrück
49%
Hanséatique Rostock | Lübeck | Bremen | Hamburg
45%
Traversée par la Moselle Koblenz | Trier
31%
Dont le centre est inscrit au patrimoine mondial de l'Unesco Lübeck | Bamberg | Stralsund | Wismar | Quedlinburg | Weimar | Regensburg
24%
Centrale du Bauhaus Bernau | Dessau | Weimar
18%
Qualifiée de "Lutherstadt", soit où Martin Luther a vécu Eisleben | Wittenberg
15%
Aucun quiz correspondant
Distribution des résultats
% des personnes avec chaque résultat
Percentile par nombre de réponses
Votre historique - résultats
Vous n’avez pas pris ce quiz